000 00437nam a2200181Ia 4500
001 13135
005 20260306163031.0
008 260306t2017||||xx |||||||||||||| ||spa||
041 _aESP
082 _a110
_bB25
100 _aBarrio Maestre, José María,
_eAUT
245 0 _aMetafísica para gente corriente
260 _c2017
300 _a209 páginas :
_c22 cm.
650 _aGEN
654 _aCHU
942 _cLIB
_dJUS
_fJUS
_2ddc
_n
999 _c13135
_d13135